| 000 | 00371nam a2200157Ia 4500 | ||
|---|---|---|---|
| 005 | 20240624034026.0 | ||
| 008 | 240331s9999 xx 000 0 und d | ||
| 020 | _a8177200526 | ||
| 082 |
_bYOU _a894.811 |
||
| 100 | _aYoung,R.J.C | ||
| 245 | 0 | _aPincaalaniam | |
| 260 |
_aputhanatham _badaiyalam _c2007 |
||
| 300 | _a203 p ., | ||
| 650 | _apost colonialism | ||
| 942 | _cL | ||
| 999 |
_c4706 _d4706 |
||